Dictamen 11-2013, sobre el Anteproyecto de Ley de servicios y colegios profesionales (Registro nro. 44344)
[ vista simple ]
| 000 -CABECERA | |
|---|---|
| Longitud fija campo de control | 01215nam a2200313 i 4500 |
| 001 - NÚMERO DE CONTROL | |
| Número de control | 44344 |
| 003 - IDENTIFICADOR DE NÚMERO DE CONTROL | |
| Identificador del número de control | ES-MaCES |
| 005 - FECHA Y HORA DE LA ÚLTIMA TRANSACCIÓN | |
| Fecha y hora de la última transacción | 20210721182334.0 |
| 007 - PHYSICAL DESCRIPTION FIXED FIELD--GENERAL INFORMAT | |
| Campo fijo de descripción física | cr ||||||||||| |
| 008 - CAMPO FIJO DE DESCRIPCIÓN FIJA--INFORMACIÓN GENERAL | |
| Códigos de información de longitud fija | 130403s2013 sp |||||||||||00||0 spa|d |
| 040 ## - FUENTE DE CATALOGACIÓN | |
| Centro catalogador de origen | ES-MaCES |
| Lengua de catalogación | spa |
| Centro transcriptor | ES-MaCES |
| 245 00 - MENCIÓN DE TÍTULO | |
| Título | Dictamen 11-2013, sobre el Anteproyecto de Ley de servicios y colegios profesionales |
| 300 ## - DESCRIPCIÓN FÍSICA | |
| Extensión | 21 p. (88 kb) |
| 593 ## - CES. DATOS DICTAMEN | |
| Comisión de trabajo | Economía y Fiscalidad |
| Identificador | D-011-2013 |
| Fecha dictamen | 20131127 |
| Tipo trámite | Ordinaria |
| Votos aprobados | Presentes 46: 45 sí, 0 no, 1 abst. |
| Tipo sesión | Pleno ordinario |
| 650 #4 - ASIENTO SECUNDARIO DE MATERIA--TÉRMINO DE MATERIA | |
| Término de materia o nombre geográfico como elemento inicial | organización profesional |
| 9 (RLIN) | 28372 |
| 650 #4 - ASIENTO SECUNDARIO DE MATERIA--TÉRMINO DE MATERIA | |
| Término de materia o nombre geográfico como elemento inicial | prestaciones de vejez |
| 9 (RLIN) | 27041 |
| 650 #4 - ASIENTO SECUNDARIO DE MATERIA--TÉRMINO DE MATERIA | |
| Término de materia o nombre geográfico como elemento inicial | administración de la seguridad social |
| 9 (RLIN) | 30264 |
| 650 #4 - ASIENTO SECUNDARIO DE MATERIA--TÉRMINO DE MATERIA | |
| Término de materia o nombre geográfico como elemento inicial | legislación de seguridad social |
| 9 (RLIN) | 29855 |
| 650 #4 - ASIENTO SECUNDARIO DE MATERIA--TÉRMINO DE MATERIA | |
| Término de materia o nombre geográfico como elemento inicial | reforma de la seguridad social |
| 9 (RLIN) | 30668 |
| 650 #4 - ASIENTO SECUNDARIO DE MATERIA--TÉRMINO DE MATERIA | |
| Término de materia o nombre geográfico como elemento inicial | España |
| 9 (RLIN) | 26964 |
| 650 #4 - ASIENTO SECUNDARIO DE MATERIA--TÉRMINO DE MATERIA | |
| Término de materia o nombre geográfico como elemento inicial | régimen jurídico |
| 9 (RLIN) | 29894 |
| 653 10 - TÉRMINO DE INDEXACIÓN--NO CONTROLADO | |
| Término no controlado | Relaciones laborales-Empleo |
| 650 #4 - ASIENTO SECUNDARIO DE MATERIA--TÉRMINO DE MATERIA | |
| 9 (RLIN) | 28420 |
| Término de materia o nombre geográfico como elemento inicial | trabajador profesional |
| 700 1# - ENCABEZAMIENTO SECUNDARIO--NOMBRE PERSONAL | |
| 9 (RLIN) | 17543 |
| Nombre de persona | Marín Acevedo, Roberto J. |
| Término indicativo de función | interviniente |
| 710 1# - ENCABEZAMIENTO SECUNDARIO--NOMBRE CORPORATIVO | |
| Nombre de entidad o nombre de jurisdicción como elemento inicial | España |
| Término indicativo de función | solicitante |
| 9 (RLIN) | 3236 |
| Unidad subordinada | Ministerio de Economía y Competitividad |
| 856 4# - ACCESO ELECTRÓNICO | |
| Identificador Uniforme del Recurso (URI) | <a href="http://www.ces.es/documents/DIC/2013/11">http://www.ces.es/documents/DIC/2013/11</a> |
| Texto del enlace | texto completo |
| 902 ## - CES. TIPO DE DOCUMENTO | |
| Tipodoc (006$c Sirtex) | Dictamen CES |
| 942 ## - ELEMENTOS KOHA | |
| Fuente de clasificaión o esquema | Clasificación propia del CES |
| Koha [por defecto] tipo de item | Dictámenes/Informes/Memorias CES |
| Parte de clasificación | Relaciones Laborales y Rel. Lab.- Empleo |
No hay ítems disponibles.
